[Event "Sousse BICA U16 op 1st"]
[Site "Sousse"]
[Date "2021.12.22"]
[Round "9"]
[White "Ben Rayana, Mohamed"]
[Black "Zgolli, Yassine"]
[Result "1-0"]
[WhiteElo "1110"]
[BlackElo "1337"]
[PlyCount "44"]
[EventDate "2021.12.18"]
[EventType "swiss"]
[EventRounds "9"]
[EventCountry "TUN"]
[SourceTitle "CBM 205 Extra"]
[Source "ChessBase"]
[SourceDate "2022.01.31"]
[SourceVersion "1"]
[SourceVersionDate "2022.01.31"]
[SourceQuality "1"]

1. e4 c5 2. d3 e6 3. g3 d5 4. Nd2 Nc6 5. Ngf3 Bd6 6. Bg2 Nge7 7. 0-0 0-0 8. Re1 Ng6 9. Nf1 d4 10. h4 Nce5 11. N1h2 Nxf3+ 12. Nxf3 Ne5 13. Nxe5 Bxe5 14. Qg4 f5 15. exf5 exf5 16. Qe2 Bd6 17. Bg5 Qb6 18. Bd5+ Kh8 19. Qh5 Qxb2 20. Bf7 Qb6 21. Bg6 h6 22. Bxh6 Kg8 1-0

[Event "Sousse BICA U16 op 1st"]
[Site "Sousse"]
[Date "2021.12.19"]
[Round "2"]
[White "Zgolli, Yassine"]
[Black "Al Wardi, Qusai"]
[Result "1-0"]
[WhiteElo "1337"]
[BlackElo "1040"]
[PlyCount "67"]
[EventDate "2021.12.18"]
[EventType "swiss"]
[EventRounds "9"]
[EventCountry "TUN"]
[SourceTitle "CBM 205 Extra"]
[Source "ChessBase"]
[SourceDate "2022.01.31"]
[SourceVersion "1"]
[SourceVersionDate "2022.01.31"]
[SourceQuality "1"]

1. e4 e5 2. Nc3 Nc6 3. Bc4 Bc5 4. Nf3 d6 5. h3 h6 6. 0-0 Nf6 7. d3 0-0 8. Bb3 Nd4 9. Nxd4 exd4 10. Ne2 Re8 11. f4 b6 12. Kh1 h5 13. Bd2 Bb7 14. Ba4 c6 15. b4 b5 16. bxc5 bxa4 17. cxd6 Qb6 18. e5 Nd5 19. Rb1 Qc5 20. Rxb7 Ne3 21. Bxe3 dxe3 22. d4 Qd5 23. Nc3 Qc4 24. Qe1 Reb8 25. Re7 Rb2 26. d7 Kf8 27. Re8+ Rxe8 28. dxe8Q+ Kxe8 29. Rf3 Rxc2 30. Rxe3 Qxd4 31. e6 f6 32. Rf3 Ke7 33. f5 g5 34. fxg6 1-0

[Event "TUN-ch U16"]
[Site "Monastir"]
[Date "2021.09.04"]
[Round "6"]
[White "Boulaares, Akram"]
[Black "Zgolli, Yassine"]
[Result "1-0"]
[WhiteElo "1557"]
[BlackElo "1277"]
[PlyCount "53"]
[EventDate "2021.09.01"]
[EventType "swiss"]
[EventRounds "9"]
[EventCountry "TUN"]
[SourceTitle "EXT 2023"]
[Source "ChessBase"]
[SourceDate "2022.10.05"]
[SourceVersion "1"]
[SourceVersionDate "2022.10.05"]
[SourceQuality "1"]

1. e4 b6 2. Nc3 Bb7 3. Nf3 e6 4. Be2 Nf6 5. d3 Bb4 6. 0-0 0-0 7. h3 c5 8. a3 Bxc3 9. bxc3 d5 10. e5 Nfd7 11. d4 f6 12. exf6 Nxf6 13. Bd3 c4 14. Be2 Ne4 15. Bb2 Nc6 16. Nd2 Qh4 17. Nxe4 Qxe4 18. Bf3 Qh4 19. Qe2 Rf6 20. Bg4 Kh8 21. Bc1 Rg6 22. g3 Qe7 23. Bh5 Rg5 24. Bxg5 Qxg5 25. Bg4 e5 26. dxe5 Nxe5 27. f4 1-0

[Event "TUN-ch U16"]
[Site "Monastir"]
[Date "2021.09.03"]
[Round "5"]
[White "Zgolli, Yassine"]
[Black "Ezzeddine, Mohamed Amine"]
[Result "1-0"]
[WhiteElo "1277"]
[BlackElo "1504"]
[PlyCount "89"]
[EventDate "2021.09.01"]
[EventType "swiss"]
[EventRounds "9"]
[EventCountry "TUN"]
[SourceTitle "EXT 2023"]
[Source "ChessBase"]
[SourceDate "2022.10.05"]
[SourceVersion "1"]
[SourceVersionDate "2022.10.05"]
[SourceQuality "1"]

1. e4 c5 2. Nf3 d6 3. d4 cxd4 4. Nxd4 Nf6 5. Nc3 g6 6. f4 Bg7 7. e5 dxe5 8. fxe5 Nd5 9. Bb5+ Kf8 10. Bc4 e6 11. Ndb5 Qh4+ 12. g3 Qxc4 13. b3 Qc5 14. Ba3 Qxa3 15. Nxa3 Bxe5 16. Nxd5 exd5 17. Rc1 Bb2 18. Nb5 Bxc1 19. Nc7 Na6 20. Nxa8 Bg5 21. Qxd5 Bf6 22. 0-0 Be6 23. Qxb7 Kg7 24. Nc7 Nxc7 25. Qxc7 Bd4+ 26. Kg2 Bd5+ 27. Kh3 Be6+ 28. Kh4 h6 29. g4 Bb6 30. Qe7 Bd4 31. c4 Rc8 32. Kg3 Be5+ 33. Kg2 g5 34. Re1 Bf6 35. Qxa7 Bxg4 36. a4 Rd8 37. Rf1 h5 38. a5 Rd3 39. Qf2 Bh3+ 40. Kh1 Bxf1 41. Qxf1 Rxb3 42. a6 Rb6 43. c5 Rb8 44. a7 Ra8 45. Qa6 1-0